علم النفس التربوي (Record no. 4204)
[ view plain ]
| 000 -LEADER | |
|---|---|
| fixed length control field | 01291nam a2200253 4500 |
| 008 - FIXED-LENGTH DATA ELEMENTS--GENERAL INFORMATION | |
| fixed length control field | b le ara u |
| 040 ## - CATALOGING SOURCE | |
| Original cataloging agency | LB-BrCRDP |
| 082 1# - DEWEY DECIMAL CLASSIFICATION NUMBER | |
| Classification number | 370.15 |
| Item number | AKE |
| 100 1# - MAIN ENTRY--PERSONAL NAME | |
| Personal name | عاقل, د. فاخر |
| 245 10 - TITLE STATEMENT | |
| Title | علم النفس التربوي |
| Statement of responsibility, etc. | د. فاخر عاقل |
| 260 ## - PUBLICATION, DISTRIBUTION, ETC. | |
| Place of publication, distribution, etc. | Beirut |
| Name of publisher, distributor, etc. | دار العلم الملايين |
| 300 ## - PHYSICAL DESCRIPTION | |
| Dimensions | 25 cm |
| 500 ## - GENERAL NOTE | |
| General note | Sommaire. |
| 520 ## - SUMMARY, ETC. | |
| Summary, etc. | ان التقدم الذي ننشده متعدد الوجوه مختلف الجوانب. انه تقدم اقتصادي وتقدم اجتماعي وتقدم علمي وتقدم عسكري وتقدم صحي وتقدم حضاري وغير ذلك من انواع التقدم. كل هذا يفرض على التربية تغيرات اساسية في اهدافها وطرائقها ومبادئها ومناهجها ووسائلها. ولعل هذه التغيرات تطرح على المعنيين اسئلة من نوع : ماذا نعلم ؟ ولماذا نعلم ؟ وكيف نعلم ؟ |
| 650 4# - SUBJECT ADDED ENTRY--TOPICAL TERM | |
| Topical term or geographic name entry element | Psychopédagogie |
| 650 4# - SUBJECT ADDED ENTRY--TOPICAL TERM | |
| Topical term or geographic name entry element | Education |
| 650 4# - SUBJECT ADDED ENTRY--TOPICAL TERM | |
| Topical term or geographic name entry element | Sciences cognitives |
| 650 4# - SUBJECT ADDED ENTRY--TOPICAL TERM | |
| Topical term or geographic name entry element | Psychosociologie |
| 650 4# - SUBJECT ADDED ENTRY--TOPICAL TERM | |
| Topical term or geographic name entry element | Evaluation |
| 650 4# - SUBJECT ADDED ENTRY--TOPICAL TERM | |
| Topical term or geographic name entry element | Compétences |
| 650 4# - SUBJECT ADDED ENTRY--TOPICAL TERM | |
| Topical term or geographic name entry element | Programmes scolaires |
| 942 ## - ADDED ENTRY ELEMENTS (KOHA) | |
| Koha item type | Books |
| Withdrawn status | Lost status | Source of classification or shelving scheme | Damaged status | Not for loan | Home library | Current library | Shelving location | Date acquired | Source of acquisition | Cost, normal purchase price | Total Checkouts | Full call number | Barcode | Date last seen | Copy number | Price effective from | Koha item type |
|---|---|---|---|---|---|---|---|---|---|---|---|---|---|---|---|---|---|
| Dewey Decimal Classification | مكتبة دار المعلمين و المعلمات - زحلة | مكتبة دار المعلمين و المعلمات - زحلة | Salle de Lecture | 05/31/2010 | CRDP | 0.00 | 370.15 AKE | CRZ4588 | 07/27/2016 | 1 | 07/27/2016 | Books |